Minecraft Dungeons Enemies - Statistics

General Stats
  • This quiz has been taken 4 times
  • The average score is 14 of 20
Answer Stats
Description Answer % Correct
Exploding guy Creeper
100%
Shoots webs that trap players Spider
100%
Undead green guy Zombie
100%
Main antagonist Arch Illiger
67%
Green guy with shiny protection Armored Zombie
67%
Venomous arachnid Cave Spider
67%
First boss, found in soggy swamp Corrupted Cauldron
67%
Buffs enemies Enchanter
67%
Mini boss; tall and teleports Enderman
67%
Mini boss; summons flying dudes and mouths in the ground Evoker
67%
Summons stone pillars Geomancer
67%
Final Boss, phase 2; controls antagonist Heart of Ender
67%
Desert version of green guy; bigger and brown Husk
67%
Boss; summons white undead guys with shields;shoots green projectiles Nameless One
67%
Boss; made of redstone Redstone Golem
67%
Boss; better version of the guy above Redstone Monstrosity
67%
White undead guy with bow Skeleton
67%
Gray guy with axe Vindicator
67%
Gray guy with crossbow Pilliger
33%
White undead guy with shield and glaive Skeleton Vanguard
33%
No matching quizzes found
Score Distribution
Percent of People with Each Score
Percentile by Number Answered
Your Score History
You have not taken this quiz